|
|
|
|
| LEADER |
02440nam a2200673 i 4500 |
| 001 |
nkc20243636741 |
| 003 |
CZ PrNK |
| 005 |
20241029103224.0 |
| 007 |
ta |
| 008 |
241009s2024 xr b 000 0bcze |
| 015 |
|
|
|a cnb003636741
|
| 020 |
|
|
|a 978-80-264-5402-1
|q (brožováno) :
|c Kč 299,00
|
| 035 |
|
|
|a (OCoLC)1468021235
|
| 040 |
|
|
|a BOA001
|b cze
|e rda
|
| 041 |
1 |
|
|a cze
|h eng
|
| 043 |
|
|
|a f-ua---
|
| 045 |
|
|
|a x0y2
|
| 072 |
|
7 |
|a 796
|x Sport. Hry. Tělesná cvičení
|2 Konspekt
|9 20
|
| 072 |
|
7 |
|a 929
|x Biografie
|2 Konspekt
|9 8
|
| 080 |
|
|
|a 796.332.071.2
|2 MRF
|
| 080 |
|
|
|a 796.332.056.7
|2 MRF
|
| 080 |
|
|
|a 796.332
|2 MRF
|
| 080 |
|
|
|a 929
|2 MRF
|
| 080 |
|
|
|a (620)
|2 MRF
|
| 080 |
|
|
|a (092)
|2 MRF
|
| 080 |
|
|
|a (0.053.2)
|2 MRF
|
| 100 |
1 |
|
|a Oldfield, Matt
|7 osa2016924276
|4 aut
|
| 240 |
1 |
0 |
|a Mohamed Salah.
|l Česky
|
| 245 |
1 |
0 |
|a Fotbaloví hrdinové.
|p Mohamed Salah :
|b z dětského hřiště na fotbalové stadiony /
|c Matt a Tom Oldfieldovi ; z anglického originálu Mohamed Salah ... přeložila Monika Mucsková
|
| 246 |
3 |
0 |
|a Mohamed Salah
|
| 250 |
|
|
|a 1. vydání
|
| 264 |
|
1 |
|a V Brně :
|b CPress,
|c 2024
|
| 300 |
|
|
|a 151 stran ;
|c 21 cm
|
| 336 |
|
|
|a text
|b txt
|2 rdacontent
|
| 337 |
|
|
|a bez média
|b n
|2 rdamedia
|
| 338 |
|
|
|a svazek
|b nc
|2 rdacarrier
|
| 500 |
|
|
|a Chronologický přehled
|
| 521 |
8 |
|
|a Pro čtenáře od 9 let
|
| 600 |
1 |
7 |
|a Salah, Mohamed,
|d 1992-
|7 mzk20241241805
|2 czenas
|
| 648 |
|
7 |
|a 20.-21. století
|7 ch462155
|2 czenas
|
| 650 |
0 |
7 |
|a fotbalisté
|7 ph114579
|z Egypt
|y 20.-21. století
|2 czenas
|
| 650 |
0 |
7 |
|a fotbaloví záložníci
|7 ph1227895
|z Egypt
|y 20.-21. století
|2 czenas
|
| 650 |
0 |
7 |
|a fotbal
|7 ph114578
|y 21. století
|2 czenas
|
| 650 |
0 |
9 |
|a soccer players
|z Egypt
|y 20th-21st centuries
|2 eczenas
|
| 650 |
0 |
9 |
|a soccer midfielders
|z Egypt
|y 20th-21st centuries
|2 eczenas
|
| 650 |
0 |
9 |
|a soccer
|y 21st century
|2 eczenas
|
| 655 |
|
7 |
|a biografie
|7 fd131909
|2 czenas
|
| 655 |
|
7 |
|a publikace pro děti
|7 fd133156
|2 czenas
|
| 655 |
|
9 |
|a biography
|2 eczenas
|
| 655 |
|
9 |
|a children's literature
|2 eczenas
|
| 700 |
1 |
|
|a Oldfield, Tom
|7 osa2016924270
|4 aut
|
| 700 |
1 |
|
|a Mucsková, Monika
|7 hka2016919838
|4 trl
|
| 765 |
0 |
|
|t Ultimate football heroes
|9 Česky
|
| 910 |
2 |
|
|a BOA001
|b 2-1533.143
|
| 928 |
9 |
|
|a Albatros Media - CPress
|
| 990 |
|
|
|a BK
|
| 995 |
|
|
|a 01
|
| 991 |
|
|
|b 202410
|c NOV
|
| 996 |
6 |
|
|b 2610982944
|c 2-1533.143
|l MZK
|r Sklad / do 1 hodiny
|n 1
|p p.v.
|w 001980962
|u 000010
|a 1
|e BOA001
|j MZK50
|s P
|